LEADER 01332nam a2200349 i 4500 001 000000048417 003 CaOOAMICUS 005 20120328000000.0 008 120328s1992 it u000 u ita u 013 $a19587 020 $a88-343-3971-1 020 $a88-7357-108-5 040 $aSeMil$bita 100 1 $aGalot, Jean,$c.$0(OLS)http://semarc/name/4876 240 13$aLe coeur du Christ.$0(OLS)http://semarc/title/73262 245 13$aIl cuore di Cristo /$cJean Galot. 250 $a2. ed. 260 $aMilano :$bVita e Pensiero,$ccopyr. 1992. 260 $aRoma :$bAdP,$ccopyr. 1992. 300 $a271 p. ;$c22 cm. 490 0 $aParalleli 500 $aIn preliminari : Fondo Franco Conti. 600 04$aGesł Cristo.$0(OLS)http://semarc/subject/712 830 0$aParalleli.$0(OLS)http://semarc/title/5967 850 $aSeMil 852 $aSeMil$W1$xVenegono$y1$m2C IV 324$j14572$B14572$CSeMilBibl$Z2$F14572 $81 961 $aOmaggio: Conti Franco 996 $6020$a88-343-3971-1$9(OLS)http://semarc/number/21470 996 $6020$a88-7357-108-5$9(OLS)http://semarc/number/21471 996 $6245$aIl cuore di Cristo$9(OLS)http://semarc/title/73261 996 $6260$aRoma :$bAdP$9(OLS)http://semarc/publisher/32136 996 $6260$aMilano :$bVita e Pensiero$9(OLS)http://semarc/publisher/29642 LEADER 00824nam a2200217 i 4500 001 000000051445 003 CaOOAMICUS 005 20111129000000.0 008 111129s1971 it u000 u ita u 013 $a22617 040 $aSeMil$bita 100 1 $aBoutruche, Robert.$0(OLS)http://semarc/name/1351 245 10$aOrdinamento curtense e clientele vassallatiche. 300 $a437 p. 500 $aContiene : Bibliografia. 650 4$aFeudalesimo.$0(OLS)http://semarc/subject/1292 773 0 $aBoutruche, Robert$tSignoria e feudalesimo.$dBologna : Il Mulino, copyr. 1971.$g1$w()1499 850 $aSeMil 852 $aSeMil$W1$xVenegono$y1$m3T III 154$j17600$B17600$CSeMilBibl$Z2$F17601 $81 961 $aAcquisto: Casa editrice 996 $6245$aOrdinamento curtense e clientele vassallatiche$9(OLS)http://semarc/title/78786